| 000 | 01147nam a22002897a 4500 | ||
|---|---|---|---|
| 003 | OSt | ||
| 005 | 20170518102348.0 | ||
| 008 | 960214s1996 enk b 001 0 eng | ||
| 020 | _a0631195270 (hbk. : alk. paper) | ||
| 020 | _a0631195289 (pbk. : alk. paper) | ||
| 040 |
_aMMU _cMMU _dMMU _beng. |
||
| 043 | _ae-uk--- | ||
| 050 | 0 | 0 |
_aPR1134 _b.B74 1996 |
| 082 | 0 | 0 |
_a820.8/005 _220 |
| 245 | 0 | 0 |
_aBritish literature, 1640-1789 : _ban anthology / _cedited by Robert DeMaria, Jr. |
| 260 |
_aOxford ; _aCambridge, Mass. : _bBlackwell, _c1996. |
||
| 300 |
_axxxiii, 1211 p. ; _c23 cm. |
||
| 440 | 0 | _aBlackwell anthologies | |
| 504 | _aIncludes bibliographical references and index. | ||
| 650 | 0 |
_aEnglish literature _y18th century. |
|
| 650 | 0 |
_aEnglish literature _yEarly modern, 1500-1700. |
|
| 651 | 0 |
_aGreat Britain _vLiterary collections. |
|
| 700 | 1 |
_aDeMaria, Robert, _cJr., _d1948- |
|
| 906 |
_a7 _bcbc _corignew _d1 _eocip _f19 _gy-gencatlg |
||
| 942 |
_2lcc _cLOAN LOAN |
||
| 999 |
_c22041 _d22041 |
||